000 00262nam a2200109Ia 4500
008 231219s9999 xx 000 0 und d
041 _aeng
100 _aWilliam F.Glueck
245 _aManagement
260 _bThe Dryden Press ,Hinsdale
650 _aManagement
999 _c979162
_d979162